Ruský jazyk pre 5. ročník základných škôl pracovný zošit

Bibliographic Details
Main Authors: Kováčiková, Elena, 1924- (Author), Glendová, Valentína (Author)
Other Authors: Žitňanová, Tatiana, 1956- (Illustrator)
Format: Book
Language:Slovak
Russian
PhysicalDescription:79 s. ilustr. 30 cm
Published: Bratislava Slovenské pedagogické nakladateľstvo - Mladé letá 2012
ISBN:9788010022359
Edition:7. vyd.
Subjects:

MARC

LEADER 00000cam a2200000 a 4500
001 vtls010447290
003 SK-MaSNL
005 20260301132818.0
008 240318s2012 xo a c p 000 0 slo
015 |a SNBA2013 
020 |a 9788010022359  |q (brož.) 
035 |a E2DAF456-7DCF-41BD-B17F-BE62BD848978 
035 |a urn:nbn:sk:snk-amjy7r 
035 |a urn:nbn:sk:snk-am00805l 
040 |a SNK  |b slo  |c SNK  |e AACR2 
041 0 |a slo  |a rus 
044 |a xo  |c SK 
072 7 |a 811.161.1  |x Ruština  |2 konspekt 
072 7 |a 37.016  |x Učebné osnovy. Vyučovacie predmety. Učebnice  |2 konspekt 
080 |a 811.161.1  |2 2001 
080 |a (075.2)  |2 2001 
080 |a (076.1)  |2 2001 
100 1 |a Kováčiková, Elena,  |d 1924-  |4 aut  |9 188627 
245 1 0 |a Ruský jazyk pre 5. ročník základných škôl  |b pracovný zošit  |c Elena Kováčiková, Valentína Glendová ; [ilustrácie Táňa Žitňanová] 
246 1 4 |a Ruský jazyk 5 
250 |a 7. vyd. 
260 |a Bratislava  |b Slovenské pedagogické nakladateľstvo - Mladé letá  |c 2012 
300 |a 79 s.  |b ilustr.  |c 30 cm 
650 0 7 |a ruština  |2 SNKPH  |9 1346 
650 0 7 |a Russian language  |2 SNKPHeng  |9 282042 
655 7 |a učebnice základných škôl  |2 SNKPH  |9 70187 
655 7 |a pracovné zošity  |2 SNKPH  |9 70188 
655 7 |a Textbooks (elementary)  |2 SNKPHeng  |9 276977 
655 7 |a Activity books  |2 SNKPHeng  |9 302885 
700 1 |a Glendová, Valentína  |4 aut  |9 43911 
700 1 |a Žitňanová, Tatiana,  |d 1956-  |4 ill  |9 86022 
852 |a Štátna vedecká knižnica v Banskej Bystrici 
919 |a 978-80-10-02235-9 
999 |c 752016  |d 753946 
952 |a SNK  |b SNK  |y PREZ  |7 0  |p 17A1032568  |o snkSB 83546  |i snk2012/19028  |8 0  |0 0  |1 0  |4 0  |d 2012-09-26  |f 1  |l 0  |r 2025-05-06 00:00:00  |w 2026-02-23 
952 |a SNK  |b SNK  |y VYP  |7 0  |p 17A1032567  |o snkSB 83546 D1  |i snk2012/19030  |8 0  |0 0  |1 0  |4 0  |d 2012-09-26  |l 0  |r 2016-06-30 00:00:00  |w 2026-02-23